| 000 | 00422nam a2200145 a 4500 | ||
|---|---|---|---|
| 005 | 20140412111421.0 | ||
| 008 | 080103s19uu xx 00 eng d | ||
| 020 | _a0-7681-0126-3 | ||
| 050 |
_aM 599.773 _bN51 1999 |
||
| 100 | _aNicholas, Christopher | ||
| 245 |
_aWolves / _cWritten by Christopher Nicholas. |
||
| 260 |
_aNew York : _bMcClanahan book, _cc1989. |
||
| 650 |
_aWolves _xJuvenile literature |
||
| 999 |
_c106023 _d106023 |
||